Cazadores de la patagonia y agricultures andinos : arte rupestre de la argentina /
Guardado en:
| Autor Principal: | |
|---|---|
| Otros Autores: | |
| Formato: | Libro |
| Publicado: |
Madrid :
Eiciones Encuentro,
1985
|
| Materias: | |
| Etiquetas: |
Agregar Etiqueta
Sin Etiquetas, Sea el primero en etiquetar este registro!
|
| LEADER | 00900nam a22002295a 4500 | ||
|---|---|---|---|
| 001 | CEM.cems010182 | ||
| 005 | 20080604110821.0 | ||
| 008 | 130507s1985##################000#0#####d | ||
| 003 | CEMS | ||
| 020 | |a 8474901131 | ||
| 082 | 0 | 4 | |a 572.7 |
| 100 | 1 | |a Schobinger, Juan | |
| 245 | 1 | 0 | |a Cazadores de la patagonia y agricultures andinos : |b arte rupestre de la argentina / |c Juan Schobinger, Carlos J. Gradin |
| 260 | |a Madrid : |b Eiciones Encuentro, |c 1985 | ||
| 300 | |a 97 p. | ||
| 500 | |a Fotocopia | ||
| 505 | 0 | |a Area de cazadores meridionales (Pampa-Patagonia) -- Area de los agricultores y pastores andinos (Puna, valles y quebradas del Noroeste argentino, Región Cuyana) -- Areas intermedias o marginales | |
| 653 | |a Argentina-arte rupestre | ||
| 653 | |a Arte rupestre | ||
| 653 | |a Patagonia-arte rupestre | ||
| 700 | 1 | |a Gradin, Carlos J. | |
| 859 | |a CEMS |b BIB. CEMS - 11 de abril |h 572.7 |i Sch65 |p 100.99 |t Ej.1 | ||
